Authority of the Faith (Record no. 2630)
[ view plain ]
| 000 -LEADER | |
|---|---|
| fixed length control field | 00540nam a2200217 a 4500 |
| 020 ## - INTERNATIONAL STANDARD BOOK NUMBER | |
| ISBN | |
| 082 00 - DEWEY DECIMAL CLASSIFICATION NUMBER | |
| Classification number | 231.7 |
| Author Cutter | INT |
| 245 ## - TITLE STATEMENT | |
| Title | Authority of the Faith |
| 260 ## - PUBLICATION, DISTRIBUTION, ETC. (IMPRINT) | |
| Place of publication | Oxford |
| Name of publisher | Oxford University Press |
| Year of publication | 1939 |
| 300 ## - PHYSICAL DESCRIPTION | |
| Number of Pages | 216p |
| 500 ## - GENERAL NOTE | |
| General note | includes index and biblioraphy |
| 650 ## - SUBJECT ADDED ENTRY--TOPICAL TERM | |
| Topical Term | Revelation-Christian |
| 942 ## - ADDED ENTRY ELEMENTS (KOHA) | |
| Koha item type | Books |
| Home library | Current library | Date acquired | Cost, normal purchase price | Full call number | Accession Number | Koha item type |
|---|---|---|---|---|---|---|
| Henry Martyn Institute Library | Henry Martyn Institute Library | 05/26/2008 | 35.00 | 231.7 INT | 798 | E-Books |
